000 00628nam a2200193Ia 4500
003 GCL
008 140319s9999 xx 000 0 ara d
040 _aGCL /
_cGCL
082 0 4 _a608.7
_bم س
100 1 _aماكنهوبت، مارجريت
245 1 0 _aسيجموند فرويد مكتشف اللاشعور /
_cماكنهوبت، مارجريت
260 _aالرياض :
_bمكتبة العبيكان ،
_c2004
300 _a224 ص ؛
_c24 سم
490 _aسلسلة علماء عباقرة
_v0
650 0 4 _aفرويد
650 0 4 _aالمخترعون
650 0 4 _aالعلماء - تراجم
942 _2ddc
_cBK
999 _c7137
_d7137